000 00309nam a22001217a 4500
008 230703b xxu||||| |||| 00| 0 eng d
082 _a348.
_bCLB 1989
245 _aCommonwealth Law Bulletin
260 _bCommonwealth Secretariat
_c1989
300 _aXXII,1101p
440 _n3
_v16
_x03050718
942 _2ddc
_cBK
999 _c3157
_d3157